OPAC | Catalogo Arcigay delle biblioteche LGBTQIA+

Il Catalogo di Arcigay delle Biblioteche LGBTQIA+ è un servizio fornito grazie alla collaborazione tra Arcigay nazionale e le associazioni locali aderenti al progetto che conservano e rendono pubbliche biblioteche a tema LGBTQIA+.

Appunti di un venditore di donne / (Record no. 28957)

MARC details
000 -LEADER
campo di controllo lung. fissa 01219nam a22002897i 4500
001 - Numero di controllo
campo di controllo IT\ICCU\PAR\1197789
003 - Identificatore del numero di controllo
campo di controllo ItRI
005 - Data e orario dell'ultima transazione
campo di controllo 20260428193805.0
008 - Elementi di lunghezza fissa--Informazione generale
campo di controllo lung. fissa 101110s2010 it |||||| |||||1|||||c
020 ## - ISBN (International Standard Book Number)
ISBN (International Standard Book Number) 8860735393
020 ## - ISBN (International Standard Book Number)
ISBN (International Standard Book Number) 9788860735
020 ## - ISBN (International Standard Book Number)
ISBN (International Standard Book Number) 9788860735393
020 ## - ISBN (International Standard Book Number)
ISBN (International Standard Book Number) 9788866202202
040 ## - Fonte della catalogazione
Lingua della catalogazione ita
Agenzia che fa la trascrizione Arcigay Viterbo
041 #7 - Codice di lingua
Codice di lingua del testo/traccia sonora o titolo separato ita
Fonte del codice ISO-639-2
082 ## - Numero di classificazione Decimale Dewey
Numero di classificazione 853.914
Numero dell'edizione 21
100 1# - Accesso principale -- nome di persona
Nome di persona Faletti, Giorgio
Numero del record di authority o numero standard IT\ICCU\RAVV\089749
Relazione: aut
240 10 - Titolo uniforme
Titolo uniforme Appunti di un venditore di donne
9 (RLIN) Faletti, Giorgio
245 10 - Formulazione del titolo
Titolo Appunti di un venditore di donne /
Formulazione di responsabilità, ecc. Giorgio Faletti.
260 ## - Pubblicazione, distribuzione, ecc. (stampa)
Luogo di pubblicazione, distribuzione, ecc. Milano :
Nome dell'editore, distributore, ecc. Dalai,
Data di pubblicazione, distribuzione, ecc. 2010
300 ## - Descrizione fisica
Estensione 397 p. ;
Dimensioni 22 cm
520 ## - Riassunto, ecc.
Nota di riassunto, ecc. Milano, fine anni '70. Siamo negli anni che precedono la Milano "da Bere": una Milano dipinta vivace, allegra, fresca e ottimista. In questa cornice si inserisce il protagonista Bravo, un "venditore di donne" che vive di notte... In questo libro Giorgio Faletti esplora il genere noir, e riesce perfettamente nella costruzione dell?intreccio, nell?ambientazione, nella psicologia dei personaggi.
830 #0 - Accesso aggiunto di serie--titolo uniforme
Titolo uniforme Romanzi e racconti ;
Numero del volume/designazione di sequenza 513
Numero del record di authority o numero standard IT\ICCU\RAV\0187056
982 #1 - EQUIVALENCE OR CROSS-REFERENCE-SERIES STATEMENT--CONFERENCE OR MEETING NAME/TITLE [LOCAL, CANADA]
Collegamento z01
Nome del convegno o nome della giurisdizione come accesso n
942 ## - Dati aggiuntivi (Koha)
Fonte della classificazione o dello schema di collocazione (segnatura) Classificazione decimale Dewey
Tipo copia default (Koha) Libri
Nasconto in Opac No
981 #1 - EQUIVALENCE OR CROSS-REFERENCE-SERIES STATEMENT--CORPORATE NAME/TITLE [LOCAL, CANADA]
Collegamento z01
Nome dell'ente o nome della giurisdizione come accesso i
Unità subordinata xxxe
Holdings
Status ritirato Status smarrito: Fonte della classificazione o dello schema di collocazione (segnatura) Status danneggiato: Escluso dal prestito Biblioteca di appartenenza Biblioteca corrente Data di acquisti Fonte di acquisto Numero d'inventario Totale prestiti Collocazione Codice a barre Data ultima revisione Prezzo effettivo da Tipo copia default (Koha) Nota pubblica
    Classificazione decimale Dewey     VITERBO | Arcigay Viterbo - Peter Boom APS VITERBO | Arcigay Viterbo - Peter Boom APS 28/04/2026 Dono di Luca Bonomi B604   853.914 FAL APP B604 28/04/2026 28/04/2026 Libri Dono di Luca Bonomi
Se cerchi informazioni su Arcigay, le puoi trovare nel nostro sito: www.arcigay.it